|
|
|
|
| LEADER |
00699nab a2200181 i 4500 |
| 001 |
acta1605 |
| 005 |
20210310130934.0 |
| 008 |
161015s2006 hu o 0|| rus d |
| 022 |
|
|
|a 0237-9562
|
| 040 |
|
|
|a SZTE Egyetemi Kiadványok Repozitórium
|b hun
|
| 041 |
|
|
|a rus
|
| 100 |
1 |
|
|a Katona Judit
|
| 245 |
1 |
0 |
|a O modernistskih čertah tvorčestva I. A. Bunina
|h [elektronikus dokumentum] :
|b filosofiâ žizni, filosofiâ lûbvi /
|c Katona Judit
|
| 260 |
|
|
|c 2006
|
| 300 |
|
|
|a 169-176
|
| 490 |
0 |
|
|a Dissertationes slavicae. sectio historiae litterarum
|v 24
|
| 695 |
|
|
|a Bunin Ivan Alekseevič, Irodalomtudomány
|
| 856 |
4 |
0 |
|u http://acta.bibl.u-szeged.hu/1605/1/dissert_slav_hist_024_169-176.pdf
|z Dokumentum-elérés
|